| 000 | 00586nam a2200181Ia 4500 | ||
|---|---|---|---|
| 008 | 130821s1972 fr gr fre | ||
| 040 |
_aCo-BoUCM _bspa |
||
| 041 | 0 | 0 | _afre |
| 050 | 0 | 4 |
_a327.2 _220 |
| 100 | 1 |
_aDroz, Jacques _d1909- |
|
| 245 | 1 | 0 |
_aHistoire diplomatique de 1648 à 1919 _cJacques Droz |
| 250 | _a3. éd. | ||
| 260 |
_aParís (Francia) _bDalloz _c1972 |
||
| 300 | _a614 páginas | ||
| 651 | 7 |
_aEuropa _xHistoria diplomática _y1848-1918 _926622 |
|
| 651 | 7 |
_aEuropa _xPolítica y gobierno _y1648-1919 _926622 |
|
| 942 |
_cLIBRO _a6 _e3 _mD793h _2DEWEY _h327.2 |
||
| 999 |
_c62032 _d62032 |
||